01811njm a2200361Ia 450000100060000000300090000600500170001500800410003204000130007304000130008610000210009910000180012010000370013824500210017525000100019626000110020626000650021730000170028250000240029950501660032351100400048965000550052970000640058470000770064870001050072570000830083070000950091370001060100870000810111470000770119570000810127270000960135326574IT-RoPAU20220918181159.0131025s9999 xx 000 0 und d aIT-RoPAU cIT-RoPAU aSciascia Armando eAutore musica gCodice autore musica SPICS: 8192 aConcerto moderno aa ed. aMILANO bVEDETTE RECORDSc1985 [1a Ed.:1976 - Ed. Lingua Orig.: 1976] aMUSICASSETTA aMusica strumentale. aLargo - Corale della cantata BWV 147 - Largo - Sinfonia n 5. Tema - Concerto in la min op 16 per pf. Tema - La Moldava - Reverie - Humoresque - Romeo e Giulietta aSciascia Armando e la sua Orchestra aSTRUMENTALE [CASSETTE]eCodice MATERIA SPICS: 9951 aSciascia ArmandodCodice interprete SPICS: 8192eInterprete aVeracini AntoniodCodice autore musica SPICS: 9969eAutore musicapLargo aBach Johann SebastiandCodice autore musica SPICS: 9695eAutore musicapCorale della cantata BWV 147 aHandel Georg FriedrichdCodice autore musica SPICS: 5619eAutore musicapLargo aBeethoven Ludwig VandCodice autore musica SPICS: 10721eAutore musicapSinfonia n 5. Tema aGrieg EdwarddCodice autore musica SPICS: 10671eAutore musicapConcerto in la min op 16 per pf. Tema aSmetana BedrichdCodice autore musica SPICS: 9974eAutore musicapLa Moldava aDebussy ClaudedCodice autore musica SPICS: 7486eAutore musicapReverie aDvorak AntonindCodice autore musica SPICS: 10772eAutore musicapHumoresque aCajkovskij Petr LlijchdCodice autore musica SPICS: 10808eAutore musicapRomeo e Giulietta